01962cam a2200349 i 45000010018000000050017000180080041000350150019000760150019000950160018001140200029001320350022001610350024001830400087002070410013002940490009003070500027003161000038003432400047003812450116004282640029005443000023005735000119005965200609007155460049013246000057013736550025014307000041014559420008014969520093015049990015015979911649415340434120250515083246.0200803s2021 enk 000 f eng d aGBC1192612bnb aGBC1K48982bnb7 a0201033342Uk a9781783788217qpaperback a(OCoLC)1180973977 a(OCoLC)on1180973977 aYDXbengerdacYDXdUKMGBdYDXITdOCLCFdNZHWPdOCLdOCLCOdOCLCQdOCLCOdY@YdNLE1 aenghspa aNLES 4aPQ7798.15.N75bA2 2021 aEnriquez, Marianaeauthor.92365010aLos peligros de fumar en la cama.lEnglish14aThe dangers of smoking in bed b: stories c/ Mariana Enriquez ; translated from the Spanish by Megan McDowell. 1aLondon :bGranta,c2021. a187 pages ;c22 cm aOriginally published in Spain as Los peligros de fumar en la cama by Editorial Anagrama in Barcelona, Spain, 2017. aWelcome to Buenos Aires, a place of nightmares and twisted imaginings, where missing children come back from the dead and unearthed bones carry terrible curses. Thrumming with murderous intentions, family betrayals and morbid desires, these stories shine a light on a violent city gripped by urban madness; giving voice to the lost, the oppressed and the forgotten. Lucid and darkly poetic, unsettling and otherworldly, these tales of revenge, witchcraft and fetishes are a masterpiece of contemporary Gothic and a bewitching exploration of the dark inclinations that threaten to lead us over the edge. aText in English translated from the Spanish. 0aEnriquez, MarianavTranslations into English.923650 0aShort stories922375 aMcDowell, Megan,etranslator.924949 2lcc 00102lcc4070aTBSbTBSd2025-05-15l0oP-EN ENRpB05845r2025-05-15t1w2025-05-15y1 c4670d4670